000 00204 a2200097 4500
001 7499
100 _aSteinberg, S H
245 _aStatesman,s Year Book
260 _a
_bMacmillan
_c
090 _c6001
_d6001
942 _aNUST-CAE
_cM
_c32492
999 _c242572
_d242572